Organizácia a riadenie v marketingu. 1 Majstrovský list

Nástroje marketingu. Význam značky výrobku ako jedného z nástrojov marketingu. Vytváranie image firmy. Význam nástroja ceny, cenová politika. Plánovanie cenovej stratégie. Voľná tvorba cien.

Enregistré dans:
Détails bibliographiques
Auteur principal: Nemec, P.
Format: Chapitre de livre
Langue:slovaque
Sujets:
Tags: Ajouter un tag
Pas de tags, Soyez le premier à ajouter un tag!

MARC

LEADER 00000naa a2200000 4500
001 r000657
005 20221213123217.1
041 0 |a slo 
044 |a SK 
245 1 0 |a Organizácia a riadenie v marketingu. 1  |b Majstrovský list  |c P. Nemec 
520 |a Nástroje marketingu. Význam značky výrobku ako jedného z nástrojov marketingu. Vytváranie image firmy. Význam nástroja ceny, cenová politika. Plánovanie cenovej stratégie. Voľná tvorba cien. 
610 2 0 |a stratégia marketingová 
610 2 0 |a nástroje marketingové 
610 2 0 |a imidž 
610 2 0 |a značky výrobné 
610 2 0 |a tvorba cien 
610 2 0 |a politika cenová 
100 1 |a Nemec, P.